| Tag |
First Indicator |
Second Indicator |
Subfields |
| LEADER |
00000cjm a2200000Ia 4500 |
| 001 |
in00001561721 |
| 005 |
20151022074620.0 |
| 007 |
sd fungnn---ee |
| 008 |
910422r19881973gw mun di fre d |
| 024 |
1 |
|
|a 5472770592
|
| 028 |
0 |
2 |
|a 77059-2-RG
|b Deutsche Harmonia Mundi
|
| 033 |
0 |
0 |
|a 1973----
|b 6299
|c K5
|b 6004
|c A5
|
| 035 |
|
|
|a (OCoLC)ocm23587469
|
| 035 |
|
|
|a (OCoLC)ocm23587469
|
| 040 |
|
|
|a CXP
|c CXP
|d OBE
|d OCL
|d TXA
|d UtOrBLW
|
| 041 |
0 |
|
|d fre
|e eng
|e fre
|e ger
|h fre
|g eng
|g fre
|g ger
|g ita
|
| 045 |
1 |
|
|b d1670
|b d1697
|
| 049 |
|
|
|a TXAM
|
| 090 |
|
|
|a M1003.L95
|b B68 1988
|
| 092 |
0 |
|
|a 784.21556
|b L969blp ---
|2 20
|
| 100 |
1 |
|
|a Lully, Jean-Baptiste,
|d 1632-1687.
|
| 240 |
1 |
0 |
|a Bourgeois gentilhomme.
|k Selections
|
| 245 |
1 |
3 |
|a Le bourgeois gentilhomme /
|c Lully ; [libretto by] Molière. L'Europe galante / Campra.
|
| 264 |
|
1 |
|a Freiburg :
|b Deutsche Harmonia Mundi,
|c [1988]
|
| 264 |
|
4 |
|c ℗1988
|
| 300 |
|
|
|a 2 sound discs :
|b digital ;
|c 4 3/4 in.
|
| 336 |
|
|
|a performed music
|b prm
|2 rdacontent
|
| 337 |
|
|
|a audio
|b s
|2 rdamedia
|
| 338 |
|
|
|a audio disc
|b sd
|2 rdacarrier
|
| 490 |
1 |
|
|a Editio classica
|
| 500 |
|
|
|a Comédie-ballet and opéra-ballet excerpts.
|
| 500 |
|
|
|a Sung in French.
|
| 511 |
0 |
|
|a Siegmund Nimsgern, baritone (in the 1st work) ; Rachel Yakar, Marijanne Kweksilber (in the 2nd work), sopranos ; René Jacobs, contertenor ; La Petite Bande ; Gustav Leonhardt, conductor.
|
| 518 |
|
|
|a Recorded in the Cedernsaal, Schloss Kirchheim (1st work) and Schloss Amerongen, Holland (2nd work), in 1973.
|
| 500 |
|
|
|a Compact disc.
|
| 500 |
|
|
|a Previously released in 1973.
|
| 500 |
|
|
|a Program notes in English, French, German, and Italian and texts with English and German translations (71 pages : port.) laid in container.
|
| 500 |
|
|
|a Sound recording.
|
| 650 |
|
0 |
|a Ballets.
|
| 650 |
|
0 |
|a Ballets
|v Excerpts.
|
| 650 |
|
0 |
|a Operas
|v Excerpts.
|
| 700 |
1 |
|
|a Molière,
|d 1622-1673,
|e librettist.
|
| 700 |
1 |
|
|a Nimsgern, Siegmund,
|d 1940-
|e vocalist.
|
| 700 |
1 |
|
|a Yakar, Rachel,
|e vocalist.
|
| 700 |
1 |
|
|a Kweksilber, Marjanne,
|e vocalist.
|
| 700 |
1 |
|
|a Jacobs, René,
|e vocalist.
|
| 700 |
1 |
|
|a Leonhardt, Gustav,
|d 1928-2012,
|e conductor.
|
| 700 |
1 |
2 |
|a Campra, André,
|d 1660-1744.
|t Europe galante.
|k Selections.
|f 1988.
|
| 710 |
2 |
|
|a Petite Bande,
|e performer.
|
| 830 |
|
0 |
|a Editio classica.
|
| 994 |
|
|
|a E0
|b TXA
|
| 948 |
|
|
|a cataloged
|b h
|c 2001/1/23
|d c
|e bhartsfi
|f 2:40:03 pm
|
| 999 |
|
|
|a MARS
|
| 999 |
f |
f |
|s 2e726e00-2465-3866-80ee-077c3716b8f5
|i b45dfa96-07ab-3359-96b0-815d0fa5ce18
|t 0
|
| 952 |
f |
f |
|p ric
|a Texas A&M University
|b Rellis Campus
|c Joint Library Facility
|d Remote Storage
|t 0
|e M1003.L95 B68 1988
|h Library of Congress classification
|i audio -- audio disc
|m A14826952418
|
| 998 |
f |
f |
|a M1003.L95 B68 1988
|t 0
|l Remote Storage
|